| 000 | 01391nam a2200241Ia 4500 | ||
|---|---|---|---|
| 003 | Ost | ||
| 005 | 20260507075734.0 | ||
| 008 | 260507s9999||||xx |||||||||||||| ||und|| | ||
| 040 | _cfsecg | ||
| 041 | _aara | ||
| 082 | _a330 | ||
| 100 |
_aصالح، حسن عبد القادر _eمؤلف |
||
| 245 | 0 |
_aالموارد وتنميتها : _bأسس وتطبيقات على الوطن العربي / _c حسن عبد القادر صالح |
|
| 260 |
_aعمان: _bدار وائل للنشر, _c2002 |
||
| 300 |
_a400 صفحة؛ _bإيضاحات ؛ _c24 سم |
||
| 504 | _aببلوغرافيا: ص.372؛فهرس الأشكال ص.393 فهرس الجداول ص.391 | ||
| 520 | _aمقدمة الدراسة ومنهجها،مفهومها وتصنيفها والعلاقات القائمة فيما بينها،النظام الإقتصادي في الوطن العربي،الموارد الطبيعية في الوطن العربي،الموارد الزراعية والغذائية في الوطن العربي،الموارد الصناعية والطاقة في الوطن العربي،الخدمات في الوطن العربي،الموارد البشرية في الوطن العربي | ||
| 653 | _aالأقليات | ||
| 653 | _aالموارد الطبيعية | ||
| 653 | _aالنظم الاقتصادية | ||
| 653 | _aتنمية الاقتصادية | ||
| 942 | _cكتاب | ||
| 999 |
_c46066 _d46066 |
||